The Legend of Zelda: Majora's Mask bosses by picture - Statistics

General Stats
  • This quiz has been taken 19 times
  • The average score is 4 of 5
Answer Stats
Picture Answer % Correct
Majora's Mask
100%
Goht
88%
Twinmold
88%
Gyorg
81%
Odolwa
81%
No matching quizzes found
Score Distribution
Percent of People with Each Score
Percentile by Number Answered
Your Score History
You have not taken this quiz